000 01440nam a22003734i 4500
999 _c64345
_d64345
001 182904
003 CO-MdFUSB
005 20180809104153.0
008 840222t1970 sp 00000 spa d
040 _aCO-MdFUSB
_bspa
_cCO-MdFUSB
_dCO-MdFUSBC
_erda
041 _aspa
082 _223
_a222.1507
_bB877
100 1 0 _aBrown, Raymond Edward.
_eautor
240 _aThe book of Deuteronomy
245 0 0 _aDeuteronomio
_c/ Raymond E. Brown ; traductor José Antonio Benito, J. S.
264 1 _aEspaña :
_bSalterrae,
_c℗[1970]
264 4 _c©1970
300 _a178 páginas ;
_c17 cm.
336 _2rdacontent
_atexto
_btxt
337 _2rdamedia
_asin mediación
_bn
338 _2rdacarrier
_avolumen
_bnc
440 _v10
490 _aConoce la biblia : Antiguo Testamento.
505 _tIntroducción. --
_tTexto y comentario. --
_tParte primera: primer discurso de Moisés. --
_tParte segunda: segundo discurso de Moisés. --
_tParte tercera: tercer discurso de Moisés. --
_tParte cuarta: apéndices. --
_tLa alianza en el Antiguo Testamento. --
_tTemas para repaso y discusión. --
_tAbreviaturas. --
563 _aTapa rústica
630 0 7 _aBiblia.
_pDeuteronomio
700 _aBenito S.J., José Antonio
_etraductor
830 1 _aOld Testament Reading Guide
_n10
942 _cBK